000 00358nam a22001217a 4500
999 _c522898
_d522898
008 230612b ||||| |||| 00| 0 eng d
100 _aSukumar, Muralidharan
_938688
245 _aThree decades on: An idea in danger of extinction
260 _aSocial Scientist
300 _a51(1-2), Jan-Feb, 2023: p.3-20
773 _aSocial Scientist
942 _cAR